000 00279nam a22001337a 4500
008 210304b ||||| |||| 00| 0 eng d
020 _a0131298593
041 _aeng
080 _24th
_a541
100 _a12
101 _aKIM
245 _aChemistry
_cHill,C.J
942 _2udc
_cBK
999 _c55726
_d55726